00498 2200181 4500245005000000020002100050250001100071100001600082700002400098650002000122005001900142260003900161041001400200084001100214300002300225500005900248336000900307 aKunang - Kunang dalam KacacD.A. DahlanhText a97-602-455-707-2 aCet. 1 aD.A. Dahlan aAni Nuraini Syahara aNovel Indonesia a20230926141932 aJakartabBhuana Ilmu Populerc2018 aIndonesia a808.83 a113 hlm. :c16 cm. aTentang enam sahabat yang selalu menanti kunang-kunang atext